000 00845nam a2200205Ii 4500
003 JO-AjNU
008 230605s9999||||xx |||||||||||||| ||und||
017 _a2013/6/1987
040 _aJO-AjNU
_bara
_erda
_cJO-AjNU
041 _aara
050 1 4 _aDS109.9.N23 2013
100 3 _aلجنة يوم القدس، عمان، الاردن,
_eauthor
_946138
245 0 0 _aندوة يوم القدس : الندوة الثانية والعشرون القدس: البشر والحجر المنعقدة من 1-2 تشرين الأول 2011 عمان- الأردن
264 3 1 _aعمان: لجنة يوم القدس، 2013
300 _a149ص
_bصور توضيحية
336 _atext
_btxt
_2rdacontent
337 _aunmediated
_bn
_2rdamedia
338 _avolume
_bnc
_2rdacarrier
650 4 _aالقدس - تاريخ - فلسطين - تاريخ
_946139
999 _aA20050
_c23618
_d23618